| 000 | 00634nam a2200157 i 4500 | ||
|---|---|---|---|
| 001 | 160372 | ||
| 003 | ES-MaACL | ||
| 005 | 20230906212021.0 | ||
| 008 | 000104s1892 sp |||| | spa d | ||
| 040 |
_aM-RACM _bspa _cM-RACM _dCCPB | B |
||
| 100 | 1 |
_aMuñoz García, Mariano. _9130319 |
|
| 245 | 1 | 0 |
_aEstudio crítico-legal del R.D. de 23 de noviembre de 1891 sobre provisión de canongías y beneficios / _cpor Mariano Muñoz García. |
| 260 |
_aMadrid : _b[s.n.], _c1892 ( _fGregorio Yuste) |
||
| 300 |
_a104 p. ; _c22 cm. |
||
| 852 |
_aES-MaACL _jT-545-F-6 _z-- Enc. hol., conservando la cub. original _z-- Enc. en un vol. facticio |
||
| 999 |
_c160372 _d160372 |
||